• 首页
  • 本馆介绍
  • 公告通知
  • 最新文献
  • 馆藏检索
  • 电子资源
  • 读者导购
  • 参考咨询
  • 我的图书馆
  • 登录
  • 详细信息显示
  • 放入我的书架
  • 预约/预借图书
  • 作者相关作品
  • 分类相关作品
  • 丛书相关作品
  • 出版社相关作品

书目信息

  • 表格格式
  • 工作单格式
  • 卡片格式
题名:
生物反应工程原理
    
 
作者: 贾士儒 编著
分册:  
出版信息: 北京   科学出版社  2003996
页数: 220页
开本: 24cm
丛书名:
单 册:
中图分类: Q939.97 , Q81
科图分类:
主题词: 生物工程 , 化学工程 , 生物工程--化学工程--高等学校--教材 , 生物工程
电子资源:
ISBN: 7-03-010799-3
000 00996nam0 2200313 450
000 00957nam0 2200289 450
000 00887nam0 2200265 450
000 00850nam0 2200253 45
005 20070529151119.10
010    @a7-03-010799-3@dCNY22.00
100    @a20070418d2003 em y0chiy0120 ea
101 0  @achi
102    @aCN@b110000
105    @ay z 000yy
200 1  @a生物反应工程原理@ASheng Wu Fan Ying Gong Cheng Yuan Li@f贾士儒编著@FJia Shi Ru Bian Zhu
205    @a2版
210    @a北京@c科学出版社@d2003996
215    @a220页@d24cm
300    @a21世纪高等院校教材(生物工程类)
330    @a本书系统介绍了生物反应工程的基本理论、基本规律、传递因素对生物反应过程的影响及生物反应器设计和操作的基本原理与方法。
606 0  @a生物工程
606 0  @a化学工程
606 0  @a生物工程@x化学工程@x高等学校@j教材
606 0  @a生物工程
690    @aQ939.97@v4
690    @aQ81@v3
701  0 @a贾士儒@AJia Shi Ru@4编著
801  0 @aCN@bTAOJIN@c20070529
905    @a10447@dQ81@e94=2
    
    生物反应工程原理/贾士儒编著.-2版.-北京:科学出版社,2003996
    220页;24cm
    21世纪高等院校教材(生物工程类)
    
    ISBN 7-03-010799-3:CNY22.00
    本书系统介绍了生物反应工程的基本理论、基本规律、传递因素对生物反应过程的影响及生物反应器设计和操作的基本原理与方法。
●
相关链接 在E读中查询图书 在五车中查询图书 在当当中查询图书 在豆瓣中查询图书


正题名:生物反应工程原理     索取号:Q81/94=2         预约/预借

序号 登录号 条形码 馆藏地/架位号 状态 备注
1 0523432   205234325   第二样本阅览室/ [索取号:Q81/94=2] 在馆    
2 0523433   205234334   密集书库/ [索取号:Q81/94=2] 在馆    
3 0523434   205234343   密集书库/ [索取号:Q81/94=2] 在馆    
4 0523435   205234352   第三借阅区/ [索取号:Q81/94=2] 在馆    
5 0523436   205234361   第三借阅区/ [索取号:Q81/94=2] 在馆    
6 0523437   205234370   第三借阅区/ [索取号:Q81/94=2] 在馆    
7 0523438   205234389   第三借阅区/ [索取号:Q81/94=2] 在馆    
8 0523439   205234398   第三借阅区/ [索取号:Q81/94=2] 在馆    
9 0523440   205234405   密集书库/ [索取号:Q81/94=2] 在馆    
10 0523441   205234414   密集书库/ [索取号:Q81/94=2] 在馆    
11 0523442   205234423   密集书库/ [索取号:Q81/94=2] 在馆    
12 0523443   205234432   密集书库/ [索取号:Q81/94=2] 在馆    
13 0523444   205234441   密集书库/ [索取号:Q81/94=2] 在馆    
14 0523445   205234450   密集书库/ [索取号:Q81/94=2] 在馆    
15 0523446   205234469   密集书库/ [索取号:Q81/94=2] 在馆    
16 0523447   205234478   密集书库/ [索取号:Q81/94=2] 在馆    
17 0523448   205234487   密集书库/ [索取号:Q81/94=2] 在馆    
18 0523449   205234496   密集书库/ [索取号:Q81/94=2] 在馆    
19 0523450   205234502   密集书库/ [索取号:Q81/94=2] 在馆    
20 0523451   205234511   密集书库/ [索取号:Q81/94=2] 在馆    
21 0523452   205234520   密集书库/ [索取号:Q81/94=2] 在馆    
22 0523453   205234539   密集书库/ [索取号:Q81/94=2] 在馆    
23 0523454   205234548   密集书库/ [索取号:Q81/94=2] 在馆    
唐山师范学院图书馆 欢迎您!
大连网信软件有限公司© 版权所有